000 00448nam a2200169Ia 4500
005 20250603144752.0
008 250603s9999 xx 000 0 und d
020 _a9789384207878
050 _aKN 580.C65 .K86/
245 0 _aCyber laws: intellectual property and e-commerce security
260 _aNew Delhi
260 _bDominant publishers & distributors Pvt Ltd.
260 _c2018
300 _a527 p
650 _aNew Delhi
942 _cBK
999 _c39895
_d39895